|
|
|
|
| LEADER |
02760nam a22004935i 4500 |
| 001 |
978-3-319-01778-5 |
| 003 |
DE-He213 |
| 005 |
20151103123057.0 |
| 007 |
cr nn 008mamaa |
| 008 |
130729s2014 gw | s |||| 0|eng d |
| 020 |
|
|
|a 9783319017785
|9 978-3-319-01778-5
|
| 024 |
7 |
|
|a 10.1007/978-3-319-01778-5
|2 doi
|
| 040 |
|
|
|d GrThAP
|
| 050 |
|
4 |
|a Q342
|
| 072 |
|
7 |
|a UYQ
|2 bicssc
|
| 072 |
|
7 |
|a COM004000
|2 bisacsh
|
| 082 |
0 |
4 |
|a 006.3
|2 23
|
| 245 |
1 |
0 |
|a Recent Advances in Intelligent Informatics
|h [electronic resource] :
|b Proceedings of the Second International Symposium on Intelligent Informatics (ISI'13), August 23-24 2013, Mysore, India /
|c edited by Sabu M. Thampi, Ajith Abraham, Sankar Kumar Pal, Juan Manuel Corchado Rodriguez.
|
| 264 |
|
1 |
|a Cham :
|b Springer International Publishing :
|b Imprint: Springer,
|c 2014.
|
| 300 |
|
|
|a XVIII, 466 p. 175 illus.
|b online resource.
|
| 336 |
|
|
|a text
|b txt
|2 rdacontent
|
| 337 |
|
|
|a computer
|b c
|2 rdamedia
|
| 338 |
|
|
|a online resource
|b cr
|2 rdacarrier
|
| 347 |
|
|
|a text file
|b PDF
|2 rda
|
| 490 |
1 |
|
|a Advances in Intelligent Systems and Computing,
|x 2194-5357 ;
|v 235
|
| 505 |
0 |
|
|a Pattern Recognition, Signal and Image Processing -- Data Mining, Clustering and Intelligent Information Systems -- Multi Agent Systems -- Computer Networks and Distributed Systems -- Work-in-Progress.
|
| 520 |
|
|
|a This book constitutes the thoroughly refereed post-conference proceedings of the Second International Symposium on Intelligent Informatics (ISI 2013) held in Mysore, India during August 23-24, 2013. The 47 revised papers presented were carefully reviewed and selected from 126 initial submissions. The papers are organized in topical sections on pattern recognition, signal and image processing; data mining, clustering and intelligent information systems; multi agent systems; and computer networks and distributed systems. The book is directed to the researchers and scientists engaged in various fields of intelligent informatics.
|
| 650 |
|
0 |
|a Engineering.
|
| 650 |
|
0 |
|a Artificial intelligence.
|
| 650 |
|
0 |
|a Computational intelligence.
|
| 650 |
1 |
4 |
|a Engineering.
|
| 650 |
2 |
4 |
|a Computational Intelligence.
|
| 650 |
2 |
4 |
|a Artificial Intelligence (incl. Robotics).
|
| 700 |
1 |
|
|a Thampi, Sabu M.
|e editor.
|
| 700 |
1 |
|
|a Abraham, Ajith.
|e editor.
|
| 700 |
1 |
|
|a Pal, Sankar Kumar.
|e editor.
|
| 700 |
1 |
|
|a Rodriguez, Juan Manuel Corchado.
|e editor.
|
| 710 |
2 |
|
|a SpringerLink (Online service)
|
| 773 |
0 |
|
|t Springer eBooks
|
| 776 |
0 |
8 |
|i Printed edition:
|z 9783319017778
|
| 830 |
|
0 |
|a Advances in Intelligent Systems and Computing,
|x 2194-5357 ;
|v 235
|
| 856 |
4 |
0 |
|u http://dx.doi.org/10.1007/978-3-319-01778-5
|z Full Text via HEAL-Link
|
| 912 |
|
|
|a ZDB-2-ENG
|
| 950 |
|
|
|a Engineering (Springer-11647)
|